[Event "AUTO-MASTER-539"]
[Site "http://www.queenalice.com/game.php?id=413003"]
[Date "2008.6.4"]
[Round "1"]
[White "Botvinnik_Mikhail"]
[Black "fatharry"]
[Result "1-0"]
[WhiteElo "2045"]
[BlackElo "1983"]

1. c4 Nf6 2. Nc3 d5 3. cxd5 Nxd5 4. g3 e5 5. Bg2 Be6 6. Nf3 Nc6 7. O-O Be7 8. d3
O-O 9. Bd2 f5 10. Rc1 g5 11. Nxg5 Bxg5 12. Bxd5 Bxd5 13. Bxg5 Qxg5 14. Nxd5 Rf7
15. f4 exf4 16. Nxf4 Ne5 17. Qb3 c6 18. d4 Ng4 19. Qe6 Rf8 20. Rf3 Kh8 21. Qc4
Qh6 22. h3 Nf6 23. Qe6 Kg7 24. Qxf5 Kh8 25. Rcf1 Rg8 26. Ne6 Re8 27. Qe5 1-0

[Event "AUTO-MASTER-539"]
[Site "http://www.queenalice.com/game.php?id=413014"]
[Date "2008.6.4"]
[Round "1"]
[White "robelix"]
[Black "Botvinnik_Mikhail"]
[Result "0-1"]
[WhiteElo "2127"]
[BlackElo "2025"]

1. d4 Nf6 2. c4 g6 3. Nc3 d5 4. Nf3 Bg7 5. e3 O-O 6. Bd3 c5 7. h3 cxd4 8. exd4
Nc6 9. a3 b6 10. O-O Bb7 11. Bf4 Rc8 12. Rc1 dxc4 13. Bxc4 Nxd4 14. Bxf7+ Rxf7
15. Nxd4 Nh5 16. Be3 Bxd4 17. Qxd4 Qxd4 18. Bxd4 Nf4 19. f3 Nd3 20. Rc2 e5 21.
Bf2 Nxb2 22. Rxb2 Rxc3 23. a4 Ra3 24. Bg3 e4 25. fxe4 Rxg3 0-1

[Event "AUTO-MASTER-539"]
[Site "http://www.queenalice.com/game.php?id=413015"]
[Date "2008.6.4"]
[Round "1"]
[White "Botvinnik_Mikhail"]
[Black "robelix"]
[Result "1-0"]
[WhiteElo "2071"]
[BlackElo "2133"]

1. c4 f5 2. Nf3 Nf6 3. Nc3 e6 4. g3 Be7 5. Bg2 O-O 6. O-O d6 7. d3 Nc6 8. Rb1 a5
9. a3 e5 10. h3 Nh5 11. e3 Qe8 12. Nd5 Bd8 13. b4 axb4 14. axb4 Ne7 15. Nc3 f4
16. exf4 exf4 17. g4 Nf6 18. Re1 Qg6 19. Ne2 h6 20. Nxf4 Qf7 21. g5 Nd7 22. Ne6
Re8 23. gxh6 gxh6 24. Bxh6 Qg6 25. Bg5 Ne5 26. Nxd8 Rxd8 27. Bxe7 Bxh3 28. Nh4
Qg7 29. Bxd8 Rxd8 30. d4 1-0

[Event "AUTO-MASTER-539"]
[Site "http://www.queenalice.com/game.php?id=413022"]
[Date "2008.6.4"]
[Round "1"]
[White "Botvinnik_Mikhail"]
[Black "declodi"]
[Result "1-0"]
[WhiteElo "2131"]
[BlackElo "2073"]

1. c4 e5 2. Nc3 Nf6 3. Nf3 Nc6 4. g3 Bb4 5. Nd5 Bc5 6. d3 h6 7. Bg2 d6 8. O-O
Be6 9. Nd2 O-O 10. Nxf6+ Qxf6 11. Ne4 Qe7 12. Nxc5 dxc5 13. Bxc6 bxc6 14. Qa4
Qd6 15. Be3 Rfb8 16. Qa5 Rxb2 17. Bxc5 Qd7 18. Rfe1 f6 19. f3 Rab8 20. Bxa7 1-0

[Event "AUTO-MASTER-539"]
[Site "http://www.queenalice.com/game.php?id=413023"]
[Date "2008.6.4"]
[Round "1"]
[White "declodi"]
[Black "Botvinnik_Mikhail"]
[Result "0-1"]
[WhiteElo "2146"]
[BlackElo "2094"]

1. e4 e6 2. d4 d5 3. Nd2 c5 4. exd5 Qxd5 5. Ngf3 cxd4 6. Bc4 Qd6 7. O-O Nf6 8.
Nb3 Nc6 9. Nbxd4 Nxd4 10. Nxd4 a6 0-1

[Event "AUTO-OPEN-964"]
[Site "http://www.queenalice.com/game.php?id=416908"]
[Date "2008.6.13"]
[Round "3"]
[White "Botvinnik_Mikhail"]
[Black "ronielly"]
[Result "1-0"]
[WhiteElo "2109"]
[BlackElo "1924"]

1. c4 c6 2. d4 d5 3. Nf3 Bf5 4. Nc3 e6 5. g3 h6 6. Bg2 Nf6 7. Ne5 Bd6 8. Qb3 Qc7
9. O-O b6 10. Bf4 g5 11. Be3 Bxe5 12. dxe5 Qxe5 13. Rad1 Nbd7 14. Bd4 Qc7 15.
cxd5 cxd5 16. Nb5 Qc6 17. Rc1 Qb7 18. Nd6+ 1-0

[Event "AUTO-MASTER-617"]
[Site "http://www.queenalice.com/game.php?id=466797"]
[Date "2008.9.22"]
[Round "1"]
[White "Botvinnik_Mikhail"]
[Black "alan_enxadrista"]
[Result "0-1"]
[WhiteElo "2156"]
[BlackElo "2185"]

1. c4 Nf6 2. Nc3 g6 3. e4 d6 4. d4 Bg7 5. Nf3 c5 6. Be2 cxd4 7. Nxd4 Nc6 8. Nc2
O-O 9. O-O Nd7 10. Be3 Bxc3 11. bxc3 Nc5 12. f3 Bd7 13. Bxc5 dxc5 14. Ne3 e6 15.
Qd6 Qe7 16. Rfd1 Rad8 17. Ng4 f5 18. exf5 exf5 19. Qxe7 Nxe7 20. Ne5 Ba4 21.
Rxd8 Rxd8 22. f4 Rd2 23. Bf3 b6 24. h4 Kg7 25. Kf1 Kf6 26. Ke1 Rb2 27. Nd3 Rc2
0-1

[Event "AUTO-MASTER-617"]
[Site "http://www.queenalice.com/game.php?id=466798"]
[Date "2008.9.22"]
[Round "1"]
[White "alan_enxadrista"]
[Black "Botvinnik_Mikhail"]
[Result "1-0"]
[WhiteElo "2196"]
[BlackElo "2145"]

1. e4 e6 2. d4 d5 3. exd5 exd5 4. Nf3 Nf6 5. Bd3 Bd6 6. O-O O-O 7. Re1 Bg4 8.
Bg5 Nbd7 9. Nc3 c6 10. h3 Bh5 11. g4 Bg6 12. Bxg6 hxg6 13. Bxf6 Nxf6 14. Qd3 Qc7
15. Re2 Rfe8 16. Rae1 Rxe2 17. Rxe2 Qb6 18. Re1 Re8 19. Rxe8+ Nxe8 20. Qe3 Nc7
21. b3 Ne6 22. Ne2 Qa5 23. a4 g5 24. Qd3 g6 25. Qe3 Qd8 26. Ne5 Qe7 27. Nd3 Qc7
28. Kg2 1-0

[Event "AUTO-MASTER-617"]
[Site "http://www.queenalice.com/game.php?id=466799"]
[Date "2008.9.22"]
[Round "1"]
[White "Botvinnik_Mikhail"]
[Black "mowliid12"]
[Result "0-1"]
[WhiteElo "2135"]
[BlackElo "2000"]

1. c4 e6 2. Nf3 d5 3. d4 a6 4. Qc2 Nf6 5. g3 c6 6. Nbd2 Bd6 7. Bg2 h6 8. O-O
Nbd7 9. e4 dxe4 10. Nxe4 Nxe4 11. Qxe4 Nf6 12. Qe2 O-O 13. Rd1 Bc7 14. b3 Re8
15. Ne5 Qe7 16. a4 Rb8 17. Ba3 Bd6 18. Bxd6 Qxd6 19. c5 Qd8 20. a5 Nd5 21. Rd3
f5 22. Nc4 Bd7 23. Nd6 Rf8 24. Bxd5 exd5 25. f4 Qf6 26. Re1 Rbd8 27. Qe7 Bc8 28.
Qxf6 Rxf6 29. Rde3 Kh7 30. Re7 Rdf8 31. Rc7 Be6 32. Rxb7 Bc8 33. Rc7 Be6 0-1

[Event "AUTO-MASTER-617"]
[Site "http://www.queenalice.com/game.php?id=466800"]
[Date "2008.9.22"]
[Round "1"]
[White "mowliid12"]
[Black "Botvinnik_Mikhail"]
[Result "1-0"]
[WhiteElo "2021"]
[BlackElo "2119"]

1. d4 Nf6 2. c4 g6 3. Nc3 d5 4. e3 Bg7 5. Bd3 O-O 6. h3 dxc4 7. Bxc4 c5 8. Nf3
Nbd7 9. O-O b6 10. d5 Ne8 11. e4 Nd6 12. Bd3 e5 13. b3 f5 14. Nd2 Nf6 15. f4
Nfxe4 16. Ndxe4 Nxe4 17. Nxe4 fxe4 18. Bxe4 exf4 19. Rb1 Qd6 20. Qf3 Be5 21. Kh1
Bd7 22. Bb2 1-0

[Event "AUTO-MASTER-617"]
[Site "http://www.queenalice.com/game.php?id=466801"]
[Date "2008.9.22"]
[Round "1"]
[White "Botvinnik_Mikhail"]
[Black "BEBADO"]
[Result "1-0"]
[WhiteElo "2141"]
[BlackElo "2193"]

1. c4 Nf6 2. Nf3 c5 3. g3 g6 4. Bg2 Bg7 5. O-O O-O 6. d4 cxd4 7. Nxd4 d6 8. Nc3
Nc6 9. Nc2 Qa5 10. Bd2 Qh5 11. e4 Ng4 12. h3 Nge5 13. Qxh5 gxh5 14. b3 Bxh3 15.
f4 Bxg2 16. Kxg2 Nd7 17. Rh1 Nc5 18. Rae1 a5 19. Rxh5 Nb4 20. Ne3 a4 21. Nf5 Bf6
22. e5 dxe5 23. fxe5 Rfd8 24. Re2 Bg7 25. Nxa4 1-0

[Event "AUTO-MASTER-617"]
[Site "http://www.queenalice.com/game.php?id=466802"]
[Date "2008.9.22"]
[Round "1"]
[White "BEBADO"]
[Black "Botvinnik_Mikhail"]
[Result "1-0"]
[WhiteElo "2150"]
[BlackElo "2177"]

1. d4 Nf6 2. Bg5 Ne4 3. Bf4 c5 4. f3 Qa5+ 5. c3 Nf6 6. Nd2 cxd4 7. Nb3 Qb6 8.
cxd4 d5 9. Rc1 Nc6 10. e3 Bf5 11. Ne2 e6 12. Nc3 Rc8 13. g4 Bg6 14. h4 h6 15.
Kf2 Qd8 16. h5 Bh7 17. Bd3 Bxd3 18. Qxd3 Bb4 19. a3 Bxc3 20. Rxc3 a6 21. Nc5 Na5
22. b4 Nc4 23. Nxb7 1-0

[Event "AUTO-MASTER-539"]
[Site "http://www.queenalice.com/game.php?id=470633"]
[Date "2008.9.30"]
[Round "2"]
[White "Plis"]
[Black "Botvinnik_Mikhail"]
[Result "1-0"]
[WhiteElo "2324"]
[BlackElo "2069"]

1. e4 c5 2. Nf3 d6 3. d4 cxd4 4. Nxd4 Nf6 5. Nc3 a6 6. Be2 e5 7. Nb3 Be6 8. O-O
Be7 9. f4 Qc7 10. Kh1 Nbd7 11. a4 O-O 12. Be3 exf4 13. Rxf4 Ne5 14. a5 Rac8 15.
Nd4 Rfe8 16. Nf5 Bf8 17. Bb6 Qb8 18. Ne3 Nfd7 19. Bd4 Nc6 20. Bg4 d5 21. Ncxd5
Nxd4 22. Qxd4 Bd6 23. Raf1 Bxf4 24. Bxe6 fxe6 25. Nxf4 Qc7 26. Nd3 1-0

[Event "AUTO-MASTER-539"]
[Site "http://www.queenalice.com/game.php?id=470634"]
[Date "2008.9.30"]
[Round "2"]
[White "Botvinnik_Mikhail"]
[Black "Plis"]
[Result "0-1"]
[WhiteElo "2075"]
[BlackElo "2319"]

1. d4 Nf6 2. c4 g6 3. Nc3 Bg7 4. e4 d6 5. Nf3 O-O 6. Be2 e5 7. O-O Nc6 8. d5 Ne7
9. Nd2 a5 10. a3 Nd7 11. Rb1 f5 12. b4 Kh8 13. f3 f4 14. Nb5 b6 15. c5 bxc5 16.
bxc5 Nxc5 17. a4 g5 18. Ba3 h5 19. Qc2 Rf7 20. Bxc5 dxc5 21. Qxc5 Ng6 22. Nc4
Rd7 23. Na7 Bf8 24. Qf2 Bb4 25. Nc6 Qf8 26. N6xe5 Nxe5 27. Nxe5 Rg7 28. Rfc1 Qf6
29. Nc6 Bd2 30. e5 Qf7 31. e6 Qf5 32. Kh1 Qxd5 0-1

[Event "AUTO-MASTER-524"]
[Site "http://www.queenalice.com/game.php?id=490832"]
[Date "2008.11.9"]
[Round "2"]
[White "Botvinnik_Mikhail"]
[Black "Pinone"]
[Result "0-1"]
[WhiteElo "2160"]
[BlackElo "2433"]

1. d4 d5 2. c4 e6 3. Nf3 Nf6 4. g3 dxc4 5. Bg2 c5 6. O-O cxd4 7. Qa4+ Nc6 8.
Nxd4 Qxd4 9. Bxc6+ bxc6 10. Qxc6+ Qd7 11. Qxa8 Bc5 12. Nc3 O-O 13. Rd1 Qc7 0-1

[Event "AUTO-MASTER-524"]
[Site "http://www.queenalice.com/game.php?id=490833"]
[Date "2008.11.9"]
[Round "2"]
[White "Pinone"]
[Black "Botvinnik_Mikhail"]
[Result "1-0"]
[WhiteElo "2430"]
[BlackElo "2164"]

1. d4 Nf6 2. Bg5 Ne4 3. Bf4 c5 4. f3 Qa5+ 5. c3 Nf6 6. Nd2 cxd4 7. Nb3 Qb6 8.
Qxd4 Qxd4 9. cxd4 d5 10. e3 e6 11. Rc1 Nc6 12. Ne2 Nh5 13. Bc7 Kd7 14. Bg3 Nxg3
15. Nxg3 1-0